书目信息 |
| 题名: |
基础德语教材
|
|
| 作者: | ;北京对外贸易学院德语教研室 编 | |
| 分册: | 第二册 基础教程第一至第十六课 | |
| 出版信息: | 北京 商务印书馆 1979 |
|
| 页数: | 441页 | |
| 开本: | 19cm | |
| 丛书名: | ||
| 单 册: | ||
| 中图分类: | H33 | |
| 科图分类: | ||
| 主题词: | 德语--教材 | |
| 电子资源: | ||
| ISBN: | ||
| 000 | 00687nam0 2200229 45 | |
| 001 | 0179001515 | |
| 005 | 20070622084943.76 | |
| 010 | @dCNY1.15 | |
| 091 | @a9017.873 | |
| 100 | @a19950718d1979 em y0chiy0121 ea | |
| 101 | 0 | @achi@ager |
| 102 | @aCN@b110000 | |
| 105 | @ay z 000yy | |
| 106 | @ar | |
| 200 | 10 | @a基础德语教材@Aji chu de yu jiao cai@h第二册@i基础教程第一至第十六课@f北京对外贸易学院德语教研室编 |
| 210 | @a北京@c商务印书馆@d1979 | |
| 215 | @a441页@d19cm | |
| 606 | @a德语@x教材 | |
| 690 | @aH33@v3 | |
| 711 | 02 | @a北京对外贸易学院德语教研室@Abei jing dui wai mao yi xue yuan de yu jiao yan shi@4编 |
| 801 | 0 | @aCN@bNLC@c20070622 |
| 905 | @f2@b48038-039@dH33@e103:2 | |
| 基础德语教材.第二册.基础教程第一至第十六课/北京对外贸易学院德语教研室编.-北京:商务印书馆,1979 |
| 441页;19cm |
| ISBN :CNY1.15 |
| ● |
| 相关链接 |
|
|
|
|
正题名:基础德语教材
索取号:H33/103:2
 
预约/预借
| 序号 | 登录号 | 条形码 | 馆藏地/架位号 | 状态 | 备注 |
| 1 | 0048038 | 001110461 | 第四借阅区/ [索取号:H33/103:2] | 在馆 | |
| 2 | 0048039 | 001110470 | 第四借阅区/ [索取号:H33/103:2] | 在馆 |